00697nam a2200193 u 450000100100000000500170001000800410002702000150006804000250008308200130010810000350012124000420015624500770019826000340027530000280030970000320033795201170036999900170048600004660020240226141827.0170124s1987 sp a r 000 0 spa d a8476349378 aDO-SdBNPbspacBNPHU axxxbxxx1 aVerne, Julio,d1828-19059107313aUn capitaine de quinze anslEspañol10aUn capitán de quince años /cJulioVerne traducción Ramón Sopena. aBarcelona :bBruguera,c1987. a223 p. :bil. ;c22 cm.12aSopena, Ramónetr.912814 001052708MOaGRbGRcCTd2017-01-24iLF1l0oxxx xxxp46600-10r2020-06-25w2020-06-25y2ZPréstamo interno c46089d46089